<?xml version="1.0" encoding="UTF-8"?>
<record
    xmlns:xsi="http://www.w3.org/2001/XMLSchema-instance"
    xsi:schemaLocation="http://www.loc.gov/MARC21/slim http://www.loc.gov/standards/marcxml/schema/MARC21slim.xsd"
    xmlns="http://www.loc.gov/MARC21/slim">

  <leader>01931nam a22001937a 4500</leader>
  <controlfield tag="003">IT-RoPau</controlfield>
  <controlfield tag="005">20220918175936.0</controlfield>
  <controlfield tag="008">121126b        xxu||||| |||| 00| 0 eng d</controlfield>
  <datafield tag="040" ind1=" " ind2=" ">
    <subfield code="c">IT-RoPau</subfield>
  </datafield>
  <datafield tag="100" ind1=" " ind2=" ">
    <subfield code="a">Alberione Giacomo</subfield>
    <subfield code="q">Fondatore Famiglia Paolina</subfield>
    <subfield code="9">19</subfield>
  </datafield>
  <datafield tag="245" ind1=" " ind2=" ">
    <subfield code="a">Le associazioni della Famiglia Paolina</subfield>
  </datafield>
  <datafield tag="250" ind1=" " ind2=" ">
    <subfield code="a">1</subfield>
  </datafield>
  <datafield tag="260" ind1=" " ind2=" ">
    <subfield code="a">Roma</subfield>
    <subfield code="b">FSP</subfield>
    <subfield code="c">1963</subfield>
  </datafield>
  <datafield tag="300" ind1=" " ind2=" ">
    <subfield code="a">109 p.</subfield>
    <subfield code="c">17,5 cm</subfield>
  </datafield>
  <datafield tag="490" ind1=" " ind2=" ">
    <subfield code="a">Edizioni paoline</subfield>
  </datafield>
  <datafield tag="500" ind1=" " ind2=" ">
    <subfield code="a">Alla vigila del cinquantesimo di fondazione della Pia Societ&#xE0; S. Paolo pubblichiamo il libretto &lt;&lt; Le associazioni della Famiglia Paoline&gt;&gt;</subfield>
  </datafield>
  <datafield tag="520" ind1=" " ind2=" ">
    <subfield code="a">Indice
Presentazione                                                  pag.           5
Unione Cooperatori Apostolato Edizioni               &gt;&gt;            7
Vantaggi spirituali                                              &gt;&gt;          24
Modalit&#xE0; per istruire Borse di studio                    &gt;&gt;          25
Associazione Generale Biblioteche                     &gt;&gt;          28

Unioni Primarie:                                                &gt;&gt;           47

A)Societ&#xE0; Biblica Cattolica Internaz.                    &gt;&gt;          48
      Indulgenze                                                  &gt;&gt;           54
B)&lt;&lt;Ut unum sint&gt;&gt;                                          &gt;&gt;           63
     Indulgenze                                                   &gt;&gt;           70
C)Pia Associazione&lt;&lt;Apostolato delle 
      tecniche audiovisive                                     &gt;&gt;           78
Preghiera e Coroncina                                       &gt;&gt;           83
D)Pia Unione &lt;&lt; Preghiera Sofferenza e
    Carit&#xE0; per tutte le vocazioni                            &gt;&gt;           86
Atto eroico di carit&#xE0;                                           &gt;&gt;           95

Unione delle Famiglie Cristiane                           &gt;&gt;           97
Pia Opera morti improvvise                                 &gt;&gt;          103
</subfield>
  </datafield>
  <datafield tag="942" ind1=" " ind2=" ">
    <subfield code="2">ddc</subfield>
    <subfield code="c">BK</subfield>
  </datafield>
  <datafield tag="999" ind1=" " ind2=" ">
    <subfield code="c">37571</subfield>
    <subfield code="d">37571</subfield>
  </datafield>
  <datafield tag="952" ind1=" " ind2=" ">
    <subfield code="0">0</subfield>
    <subfield code="1">0</subfield>
    <subfield code="2">ddc</subfield>
    <subfield code="4">0</subfield>
    <subfield code="6">PA_2_000000000000000</subfield>
    <subfield code="7">1</subfield>
    <subfield code="a">PAULUS</subfield>
    <subfield code="b">PAULUS</subfield>
    <subfield code="d">2012-11-26</subfield>
    <subfield code="l">0</subfield>
    <subfield code="o">PA2</subfield>
    <subfield code="r">2012-11-26 00:00:00</subfield>
    <subfield code="w">2012-11-26</subfield>
    <subfield code="y">BK</subfield>
  </datafield>
</record>
